[Event "BPB Limburg open B"]
[Site "Maastricht"]
[Date "2014.06.07"]
[Round "2"]
[White "Rutten, David"]
[Black "Van Ginneken, Jeroen"]
[Result "1-0"]
[WhiteElo "1853"]
[BlackElo "1753"]
[PlyCount "91"]
[EventDate "2014.06.06"]
[EventType "swiss"]
[EventRounds "7"]
[EventCountry "NED"]
[Source "P.Boonen"]
[SourceDate "2014.10.10"]

1. d4 d5 2. Nf3 Nf6 3. e3 e6 4. Bd3 c5 5. b3 cxd4 6. exd4 Nc6 7. Bb2 Bd6 8. O-O
Bd7 9. Nbd2 Rc8 10. a3 O-O 11. Ne5 Qc7 12. f4 Qb6 13. Ndf3 Rfd8 14. c4 dxc4 15.
Nxc4 Qc7 16. Nxd6 Qxd6 17. g3 Nd5 18. Re1 Nce7 19. Nh4 Nc3 20. Bxh7+ Kh8 21.
Qd2 Ned5 22. Bd3 b5 23. Rec1 b4 24. axb4 Qxb4 25. Bc4 Nb5 26. Qd3 Nb6 27. Nf3
Nxc4 28. Rxc4 Qd6 29. Ng5 Kg8 30. Qh7+ Kf8 31. Qh8+ Ke7 32. Qxg7 Be8 33. d5
exd5 34. Re1+ Kd7 35. Rxc8 Kxc8 36. Rc1+ Kd7 37. Nxf7 Qb6+ 38. Kg2 Qe3 39. Ne5+
Ke6 40. Qg4+ Kd6 41. Qf5 Qe2+ 42. Kh1 d4 43. Qf6+ Kd5 44. Qxd8+ Nd6 45. Qa8+
Ke6 46. Qg2 1-0

[Event "BPB Limburg open B"]
[Site "Maastricht"]
[Date "2014.06.07"]
[Round "2"]
[White "Santiago, Gerardo"]
[Black "Auwens, Michiel"]
[Result "1-0"]
[WhiteElo "1851"]
[BlackElo "1881"]
[PlyCount "55"]
[EventDate "2014.06.06"]
[EventType "swiss"]
[EventRounds "7"]
[EventCountry "NED"]
[Source "P.Boonen"]
[SourceDate "2014.10.10"]

1. e4 e5 2. Nc3 d6 3. f4 Nd7 4. Nf3 Be7 5. Bc4 c6 6. O-O Ngf6 7. d3 O-O 8. fxe5
dxe5 9. Qe1 b5 10. Bb3 a5 11. a4 b4 12. Ne2 Ba6 13. Ng3 Nc5 14. Bc4 Bxc4 15.
dxc4 Qc7 16. Nh4 Ne6 17. Nhf5 Bc5+ 18. Kh1 Rfd8 19. Nh6+ Kh8 20. Rxf6 gxf6 21.
Nh5 Bf2 22. Qf1 Qe7 23. g3 Bc5 24. Nxf6 Ng7 25. Bg5 Qe6 26. Nf5 Be7 27. Nxe7 h6
28. Nf5 1-0

[Event "BPB Limburg open B"]
[Site "Maastricht"]
[Date "2014.06.07"]
[Round "2"]
[White "Singh, Marcel"]
[Black "Broekmeulen, Joris"]
[Result "0-1"]
[WhiteElo "1903"]
[BlackElo "2035"]
[PlyCount "150"]
[EventDate "2014.06.06"]
[EventType "swiss"]
[EventRounds "7"]
[EventCountry "NED"]
[Source "P.Boonen"]
[SourceDate "2014.10.10"]

1. e4 d6 2. d4 Nf6 3. Nc3 Nbd7 4. Nf3 e5 5. Bc4 Be7 6. O-O O-O 7. Bg5 c6 8.
Bxf6 Bxf6 9. dxe5 dxe5 10. Qe2 b5 11. Bb3 Nc5 12. Qe3 Qe7 13. Ne2 a5 14. c3
Nxb3 15. axb3 Be6 16. Qb6 Bxb3 17. Rxa5 Rxa5 18. Qxa5 Qc5 19. Nc1 Be6 20. Qc7
Rc8 21. Qb7 Rd8 22. Qc7 g6 23. h3 Rd7 24. Qc8+ Rd8 25. Qc7 Kg7 26. Qa5 Rd7 27.
Qa1 Bd8 28. Qb1 Bc4 29. Re1 Bb6 30. Qc2 f6 31. b3 Be6 32. Re2 Qa3 33. Rd2 Rxd2
34. Nxd2 Qa1 35. c4 Bd4 36. Nf1 bxc4 37. bxc4 Qa6 38. Nd2 Qa1 39. Nf1 Qc3 40.
Qxc3 Bxc3 41. Ne3 Bd2 42. Nd3 Bxe3 43. fxe3 Bxc4 44. Nb4 Bb5 45. Kf2 Kf7 46.
Ke1 Ke6 47. g3 Kd6 48. Kd2 Bf1 49. h4 Kc5 50. Na2 Kc4 51. Nc3 Kb3 52. Nd1 Bg2
53. Kd3 h5 54. Nc3 Bf1+ 55. Kd2 Ba6 56. Nd1 Bf1 57. Nc3 Bg2 58. Kd3 f5 59. exf5
gxf5 60. Kd2 c5 61. Nb1 Kc4 62. Nc3 Bc6 63. Ne2 Kd5 64. Nc3+ Kc4 65. Ne2 Kb3
66. Nc3 c4 67. Ne2 Bf3 68. Nc1+ Kb2 69. Nd3+ cxd3 70. Kxd3 Kb3 71. e4 Bxe4+ 72.
Ke3 Bc2 73. Kd2 Bb1 74. Ke3 Kc3 75. Kf3 Bd3 0-1

[Event "BPB Limburg open B"]
[Site "Maastricht"]
[Date "2014.06.07"]
[Round "2"]
[White "Slijper, Thomas"]
[Black "Mercan Cano, Oscar"]
[Result "1-0"]
[WhiteElo "1861"]
[BlackElo "1758"]
[PlyCount "105"]
[EventDate "2014.06.06"]
[EventType "swiss"]
[EventRounds "7"]
[EventCountry "NED"]
[Source "P.Boonen"]
[SourceDate "2014.10.10"]

1. c4 e5 2. g3 Nf6 3. Nc3 c6 4. d4 e4 5. Bg2 Bb4 6. Bd2 d5 7. Nxe4 Bxd2+ 8.
Nxd2 Qb6 9. cxd5 Qxd4 10. dxc6 Nxc6 11. Qb3 O-O 12. Ngf3 Qd6 13. O-O Be6 14.
Qa4 Rfe8 15. Rfd1 Qe7 16. Rac1 Rab8 17. a3 Bf5 18. e3 b5 19. Qf4 Bd7 20. Nd4
Ne5 21. Nc6 Bxc6 22. Bxc6 Rec8 23. Bg2 Nd3 24. Rxc8+ Rxc8 25. Qf5 Rd8 26. Ne4
Ne8 27. Qxb5 Nc7 28. Qb3 Ne5 29. Rxd8+ Qxd8 30. Nc3 h5 31. Bd5 Qd7 32. Qb8+ Kh7
33. Be4+ g6 34. Nd5 Nxd5 35. Qxe5 Ne7 36. Qxh5+ Kg8 37. Qe2 Qc7 38. Qc2 Qe5 39.
h4 Qe6 40. Kg2 Nc8 41. Bf3 Nd6 42. b4 Qe5 43. Qc5 Qxc5 44. bxc5 Nc8 45. Bb7 Ne7
46. Kf3 Kf8 47. Ke4 f6 48. c6 Ke8 49. c7 Kd7 50. c8=Q+ Nxc8 51. Bxc8+ Kxc8 52.
Kd5 Kc7 53. g4 1-0

[Event "BPB Limburg open B"]
[Site "Maastricht"]
[Date "2014.06.07"]
[Round "2"]
[White "Snoeck, Rene"]
[Black "Pijlman, Rene"]
[Result "1/2-1/2"]
[WhiteElo "1929"]
[BlackElo "1977"]
[PlyCount "54"]
[EventDate "2014.06.06"]
[EventType "swiss"]
[EventRounds "7"]
[EventCountry "NED"]
[Source "P.Boonen"]
[SourceDate "2014.10.10"]

1. d4 Nf6 2. Nf3 e6 3. Bf4 c5 4. c3 b6 5. e3 Bb7 6. Nbd2 cxd4 7. exd4 Be7 8.
Bd3 d6 9. Qe2 Nbd7 10. Nc4 Qc7 11. h3 O-O 12. O-O Rfe8 13. Rfe1 Bf8 14. Nfd2 b5
15. Ne3 e5 16. dxe5 dxe5 17. Bh2 a6 18. a4 Nc5 19. Bc2 Qc6 20. axb5 axb5 21.
Nb3 Nd5 22. Na5 Rxa5 23. Rxa5 Nf4 24. Qxb5 Nxh3+ 25. Kh1 Nxf2+ 26. Kg1 Nh3+ 27.
Kh1 Nf2+ 1/2-1/2

[Event "BPB Limburg open B"]
[Site "Maastricht"]
[Date "2014.06.07"]
[Round "2"]
[White "Sterckx, Pieter"]
[Black "Boom, Harrie"]
[Result "1-0"]
[WhiteElo "1853"]
[BlackElo "1765"]
[PlyCount "51"]
[EventDate "2014.06.06"]
[EventType "swiss"]
[EventRounds "7"]
[EventCountry "NED"]
[Source "P.Boonen"]
[SourceDate "2014.10.10"]

1. e4 c5 2. Nf3 d6 3. d4 cxd4 4. Nxd4 Nf6 5. Nc3 e6 6. g4 Be7 7. g5 Nfd7 8. h4
Nc6 9. Be3 a6 10. Rg1 Qc7 11. h5 Nxd4 12. Qxd4 e5 13. Qd2 Nb6 14. O-O-O Be6 15.
f4 Nc4 16. Bxc4 Bxc4 17. b3 Bb5 18. Nd5 Qb8 19. fxe5 dxe5 20. Nxe7 Kxe7 21.
Bc5+ Ke8 22. Bd6 Qd8 23. Qc3 f6 24. gxf6 gxf6 25. Rg7 Rc8 26. Bc7 1-0

[Event "BPB Limburg open B"]
[Site "Maastricht"]
[Date "2014.06.07"]
[Round "2"]
[White "Ucaroglu Melih, Furkan"]
[Black "Freer, Glenn"]
[Result "1-0"]
[WhiteElo "1738"]
[BlackElo "1824"]
[PlyCount "101"]
[EventDate "2014.06.06"]
[EventType "swiss"]
[EventRounds "7"]
[EventCountry "NED"]
[Source "P.Boonen"]
[SourceDate "2014.10.10"]

1. e4 d6 2. d4 Nf6 3. Bd3 g6 4. f4 Bg7 5. Nf3 O-O 6. O-O Na6 7. Nbd2 c5 8. d5
Nc7 9. c4 a6 10. Rb1 b5 11. b3 e6 12. Bb2 exd5 13. exd5 Bd7 14. Qc2 Nh5 15.
Bxg7 Nxg7 16. h3 f5 17. Rfe1 Qf6 18. Nf1 Rae8 19. Qb2 Rxe1 20. Nxe1 Nh5 21. g3
Re8 22. Ng2 Kf7 23. Qxf6+ Nxf6 24. Re1 Ra8 25. Nd2 b4 26. Ne3 a5 27. Nc2 a4 28.
Ra1 a3 29. Re1 Rg8 30. Nf3 h6 31. Kh2 Re8 32. Rxe8 Ncxe8 33. Ne3 Nc7 34. Nd2
Nce8 35. Kg2 Ng7 36. Nf3 Nfh5 37. Nh4 Kf6 38. Kf3 g5 39. Nhg2 Bc8 40. fxg5+
hxg5 41. g4 f4 42. Nf1 Ng3 43. Nxg3 fxg3 44. Ne1 Ke5 45. Nc2 g2 46. Kxg2 Kf4
47. Bg6 Bd7 48. Kf2 Ne8 49. Ne1 Ke5 50. Ke3 Nf6 51. Nf3# 1-0

[Event "BPB Limburg open B"]
[Site "Maastricht"]
[Date "2014.06.07"]
[Round "2"]
[White "Van 't Hoff, Kees"]
[Black "Goes, Dirk"]
[Result "1/2-1/2"]
[WhiteElo "1793"]
[BlackElo "1946"]
[PlyCount "49"]
[EventDate "2014.06.06"]
[EventType "swiss"]
[EventRounds "7"]
[EventCountry "NED"]
[Source "P.Boonen"]
[SourceDate "2014.10.10"]

1. d4 e6 2. c4 b6 3. Nc3 Bb4 4. a3 Bxc3+ 5. bxc3 Nc6 6. Nf3 Ba6 7. e4 Nge7 8.
d5 Na5 9. Qa4 O-O 10. Be2 f5 11. dxe6 dxe6 12. e5 Qe8 13. Qxe8 Rfxe8 14. Nd4
Kf7 15. Nb5 Bxb5 16. cxb5 Nb3 17. Rb1 Nxc1 18. Rxc1 c6 19. bxc6 Nxc6 20. Bb5
Rec8 21. f4 Na5 22. O-O Nb3 23. Rcd1 Rd8 24. Ba4 Nc5 25. Bc2 1/2-1/2

[Event "BPB Limburg open B"]
[Site "Maastricht"]
[Date "2014.06.07"]
[Round "2"]
[White "Van Hoorn, Geert"]
[Black "Flohr, Ron E"]
[Result "1/2-1/2"]
[WhiteElo "1695"]
[BlackElo "1932"]
[PlyCount "38"]
[EventDate "2014.06.06"]
[EventType "swiss"]
[EventRounds "7"]
[EventCountry "NED"]
[Source "P.Boonen"]
[SourceDate "2014.10.10"]

1. e4 c5 2. Nc3 a6 3. f4 b5 4. d3 Bb7 5. Nf3 Nc6 6. g3 e6 7. Bg2 Be7 8. O-O h5
9. h3 Qc7 10. e5 Nh6 11. a4 bxa4 12. Rxa4 Nf5 13. Ne4 Nb4 14. Kh2 Nd5 15. Qe2
Bc6 16. Ra3 c4 17. dxc4 Bxa3 18. cxd5 Bb5 19. d6 Qc8 1/2-1/2

[Event "BPB Limburg open B"]
[Site "Maastricht"]
[Date "2014.06.07"]
[Round "2"]
[White "Van den Berg, Jaap"]
[Black "Kalle, Erwin"]
[Result "1-0"]
[WhiteElo "1879"]
[BlackElo "1691"]
[PlyCount "85"]
[EventDate "2014.06.06"]
[EventType "swiss"]
[EventRounds "7"]
[EventCountry "NED"]
[Source "P.Boonen"]
[SourceDate "2014.10.10"]

1. e4 e5 2. Nf3 Nc6 3. Bb5 a6 4. Ba4 Nf6 5. d3 d6 6. c3 b5 7. Bc2 Bb7 8. Nbd2
Be7 9. Nf1 O-O 10. Ng3 d5 11. Qe2 dxe4 12. dxe4 b4 13. Bd2 a5 14. c4 Nd4 15.
Nxd4 Qxd4 16. Nf5 Qd7 17. Rd1 Qe6 18. Bg5 Rfd8 19. O-O Bc5 20. b3 g6 21. Nh6+
Kg7 22. Kh1 Rd6 23. Rxd6 Bxd6 24. Qe3 Nd7 25. Bd1 f6 26. Bg4 Qe7 27. Bh4 Nc5
28. Bf3 Rf8 29. Ng4 g5 30. Nxf6 Qxf6 31. Bxg5 Qg6 32. Re1 Nxe4 33. Bxe4 Bxe4
34. f3 Bb7 35. c5 Bxc5 36. Qxe5+ Kg8 37. Qxc5 Rf5 38. Qxc7 Rxg5 39. Qxb7 Rxg2
40. Qc8+ Kf7 41. Qd7+ Kf8 42. Qe7+ Kg8 43. Rd1 1-0

[Event "BPB Limburg open B"]
[Site "Maastricht"]
[Date "2014.06.07"]
[Round "2"]
[White "Vandenbroucke, Tim"]
[Black "Uckerman, John"]
[Result "1/2-1/2"]
[WhiteElo "1878"]
[BlackElo "1708"]
[PlyCount "133"]
[EventDate "2014.06.06"]
[EventType "swiss"]
[EventRounds "7"]
[EventCountry "NED"]
[Source "P.Boonen"]
[SourceDate "2014.10.10"]

1. e4 d6 2. Nc3 Nf6 3. g3 e5 4. Bg2 c6 5. d4 Nbd7 6. Nf3 Qc7 7. Bg5 Be7 8. h3
h6 9. Be3 g5 10. Qd2 Rg8 11. O-O-O b5 12. Nh2 Qa5 13. Ng4 b4 14. Nb1 Nxg4 15.
hxg4 Nb6 16. a3 Nc4 17. Qxb4 Qxb4 18. axb4 Bxg4 19. Rde1 Rg6 20. dxe5 Nxe3 21.
Rxe3 dxe5 22. c3 a5 23. bxa5 Rxa5 24. Bh3 Bxh3 25. Rxh3 g4 26. Rh5 Bg5 27. f4
gxf3 28. Rxg5 Rxg5 29. Rxf3 Ra4 30. Nd2 Ra1+ 31. Kc2 Rg1 32. Nf1 Rxf1 33. Rxf1
Rxg3 34. Rf5 Rg5 35. Rf6 Rg6 36. Rf5 Re6 37. Kd3 Kf8 38. Kc4 Kg7 39. Kc5 Kg6
40. b4 f6 41. c4 h5 42. b5 cxb5 43. cxb5 h4 44. b6 h3 45. b7 Re8 46. Rf3 Rh8
47. Rg3+ Kf7 48. Rxh3 Rxh3 49. b8=Q Rc3+ 50. Kb4 Rd3 51. Qa7+ Kg6 52. Qg1+ Kf7
53. Qg4 Rd4+ 54. Kc5 Rd8 55. Qf5 Kg7 56. Qe6 Rd4 57. Qh3 Rd8 58. Kc4 Rd4+ 59.
Kb3 Rd8 60. Qc3 Rd4 61. Qc7+ Kg6 62. Qb7 Rd1 63. Kc3 Rd4 64. Kc2 Rd8 65. Qe7
Rd4 66. Qe8+ Kg7 67. Qe7+ 1/2-1/2

[Event "BPB Limburg open B"]
[Site "Maastricht"]
[Date "2014.06.07"]
[Round "2"]
[White "Vanhuyse, Nele"]
[Black "Saizew, Valeri"]
[Result "1/2-1/2"]
[WhiteElo "1940"]
[BlackElo "1951"]
[PlyCount "64"]
[EventDate "2014.06.06"]
[EventType "swiss"]
[EventRounds "7"]
[EventCountry "NED"]
[Source "P.Boonen"]
[SourceDate "2014.10.10"]

1. e4 e5 2. Nf3 Nc6 3. Bc4 Bc5 4. c3 Nf6 5. d3 d6 6. h3 a6 7. Bb3 Ba7 8. Nbd2
O-O 9. Nf1 d5 10. Qe2 h6 11. g4 dxe4 12. dxe4 Na5 13. Bc2 Be6 14. b3 Nd7 15.
Ng3 Nc6 16. g5 hxg5 17. Nxg5 Qe7 18. Nh5 Nf6 19. Rg1 g6 20. Ng3 Rad8 21. Nf5
Bxf5 22. exf5 Qc5 23. Bb2 Qxf2+ 24. Qxf2 Bxf2+ 25. Ke2 Bxg1 26. Rxg1 Nh5 27.
fxg6 Nf4+ 28. Ke3 fxg6 29. b4 Nd5+ 30. Ke2 Nf4+ 31. Ke3 Nd5+ 32. Ke2 Nf4+
1/2-1/2

[Event "BPB Limburg open B"]
[Site "Maastricht"]
[Date "2014.06.07"]
[Round "2"]
[White "Westerweele, Henrik"]
[Black "Yildiz, Kemal"]
[Result "1-0"]
[WhiteElo "1960"]
[BlackElo "1938"]
[PlyCount "129"]
[EventDate "2014.06.06"]
[EventType "swiss"]
[EventRounds "7"]
[EventCountry "NED"]
[Source "P.Boonen"]
[SourceDate "2014.10.10"]

1. e4 c5 2. c3 Nf6 3. e5 Nd5 4. d4 cxd4 5. Nf3 e6 6. cxd4 Nc6 7. Nc3 Nxc3 8.
bxc3 d6 9. exd6 Bxd6 10. Bd3 b6 11. Qe2 Qc7 12. O-O Ne7 13. c4 Bb7 14. h3 O-O
15. Ng5 Nf5 16. Nxe6 fxe6 17. Qxe6+ Kh8 18. Bxf5 Bc8 19. Qe2 Bxf5 20. Be3 Rae8
21. Rac1 Bf4 22. Qd2 Be4 23. Rfe1 Bxe3 24. Rxe3 Bg6 25. Qb4 Kg8 26. Rxe8 Rxe8
27. c5 Qf4 28. Qc3 Rf8 29. Qe3 Qxe3 30. fxe3 Rc8 31. Kf2 bxc5 32. dxc5 Be4 33.
Rc4 Bd5 34. Rc2 Kf7 35. Rc3 Ke6 36. g4 Rc7 37. Ra3 Be4 38. Kg3 g5 39. h4 gxh4+
40. Kxh4 Kd5 41. Ra5 Bg6 42. Kg3 Kc4 43. a3 Kd3 44. Kf4 Rf7+ 45. Ke5 Kxe3 46.
c6 Be4 47. Rc5 Rc7 48. Rc3+ Kd2 49. Rc4 Rxc6 50. Rxe4 Rc5+ 51. Kf6 Kd3 52. Re7
Ra5 53. Rxh7 Ke4 54. g5 Rxa3 55. Rh4+ Kd5 56. Rg4 Rf3+ 57. Ke7 Re3+ 58. Kf7
Rf3+ 59. Kg7 Ke6 60. g6 a5 61. Kh7 Rh3+ 62. Kg8 Kf6 63. g7 Ke7 64. Re4+ Kf6 65.
Kf8 1-0

[Event "BPB Limburg open B"]
[Site "Maastricht"]
[Date "2014.06.07"]
[Round "2"]
[White "Willockx, Ritsaart"]
[Black "Verhoef, Pieter"]
[Result "1-0"]
[WhiteElo "1952"]
[BlackElo "1893"]
[PlyCount "59"]
[EventDate "2014.06.06"]
[EventType "swiss"]
[EventRounds "7"]
[EventCountry "NED"]
[Source "P.Boonen"]
[SourceDate "2014.10.10"]

1. d4 Nf6 2. c4 e6 3. Nf3 Bb4+ 4. Bd2 Qe7 5. a3 Bxd2+ 6. Nbxd2 d6 7. e4 e5 8.
d5 a5 9. g3 O-O 10. Bg2 Na6 11. O-O Nc5 12. Qe2 a4 13. Ne1 Nfd7 14. Nc2 f5 15.
exf5 Rxf5 16. Nd4 Rf8 17. f4 Qd8 18. Ne6 Nxe6 19. dxe6 Nc5 20. fxe5 Bxe6 21.
Rxf8+ Qxf8 22. Rf1 Qe7 23. Nf3 Bg4 24. Qd2 Bxf3 25. Bxf3 dxe5 26. Bd5+ Kh8 27.
Rf7 Qd6 28. Qg5 Rg8 29. Re7 Ne4 30. Qxg7+ 1-0

[Event "BPB Limburg open B"]
[Site "Maastricht"]
[Date "2014.06.07"]
[Round "2"]
[White "Wlogalski, Olivier"]
[Black "Cornelius, Jorg"]
[Result "1-0"]
[WhiteElo "1896"]
[BlackElo "2039"]
[PlyCount "65"]
[EventDate "2014.06.06"]
[EventType "swiss"]
[EventRounds "7"]
[EventCountry "NED"]
[Source "P.Boonen"]
[SourceDate "2014.10.10"]

1. d4 Nf6 2. c4 c5 3. d5 b5 4. Nf3 g6 5. Nc3 b4 6. Nb1 Bg7 7. Nbd2 d6 8. a3 Qb6
9. e4 O-O 10. Bd3 a5 11. O-O Ba6 12. Re1 Nbd7 13. h3 Rfe8 14. Bc2 e6 15. Ba4
exd5 16. exd5 Rxe1+ 17. Qxe1 Re8 18. Qd1 Re7 19. Bxd7 Nxd7 20. Qa4 Ne5 21. Nxe5
Rxe5 22. Nf3 Re2 23. axb4 cxb4 24. Be3 Qb8 25. Qxa5 Bxb2 26. Ra4 Bxc4 27. Rxb4
Qc8 28. Qa7 Kg7 29. Rxb2 Rxb2 30. Bd4+ Kf8 31. Bxb2 Bxd5 32. Qd4 Bxf3 33. Qh8+
1-0

[Event "BPB Limburg open B"]
[Site "Maastricht"]
[Date "2014.06.07"]
[Round "2"]
[White "Zatyko, Ferry"]
[Black "Schloemer, Armin"]
[Result "0-1"]
[WhiteElo "1776"]
[BlackElo "1880"]
[PlyCount "48"]
[EventDate "2014.06.06"]
[EventType "swiss"]
[EventRounds "7"]
[EventCountry "NED"]
[Source "P.Boonen"]
[SourceDate "2014.10.10"]

1. e4 c5 2. Nc3 e6 3. g3 d6 4. Bg2 Nf6 5. Nge2 Be7 6. O-O O-O 7. d3 Nc6 8. h3
Rb8 9. Be3 b5 10. Qd2 Qc7 11. f4 Rd8 12. d4 b4 13. Nd1 cxd4 14. Nxd4 Na5 15.
Bf2 e5 16. Ne2 Nc4 17. Qc1 d5 18. exd5 Nxd5 19. fxe5 Qxe5 20. Re1 Qc7 21. c3
bxc3 22. Ndxc3 Ndb6 23. Bf1 Nd2 24. Bg2 Bb7 {.....} 0-1

[Event "BPB Limburg open B"]
[Site "Maastricht"]
[Date "2014.06.07"]
[Round "3"]
[White "Auwens, Michiel"]
[Black "Vandenbroucke, Tim"]
[Result "1/2-1/2"]
[WhiteElo "1881"]
[BlackElo "1878"]
[PlyCount "97"]
[EventDate "2014.06.06"]
[EventType "swiss"]
[EventRounds "7"]
[EventCountry "NED"]
[Source "P.Boonen"]
[SourceDate "2014.10.10"]

1. e4 c5 2. d4 cxd4 3. c3 g6 4. cxd4 d5 5. e5 Bg7 6. Nc3 Nc6 7. Nf3 Bg4 8. Be2
Bxf3 9. Bxf3 e6 10. Be3 Nge7 11. O-O O-O 12. Qd2 Qd7 13. Bg4 b6 14. f4 Na5 15.
b3 Rfc8 16. Rac1 Bf8 17. Be2 a6 18. Na4 Qb7 19. g4 Rxc1 20. Rxc1 Bg7 21. Bf2 f5
22. Bh4 Nac6 23. Bf2 Kf7 24. h3 Rc8 25. Kg2 Rh8 26. Nb2 Rc8 27. b4 a5 28. b5
Nd8 29. Na4 Rxc1 30. Qxc1 Nc8 31. gxf5 exf5 32. Bf3 Ne6 33. Nc3 Ne7 34. Qd2 Bh6
35. Be3 Qd7 36. Kg3 Nc7 37. a4 Ne6 38. h4 Kg7 39. Qb2 Nc7 40. Qa3 Nc8 41. h5
Kf7 42. Qa2 Ke6 43. hxg6 hxg6 44. Qh2 Bf8 45. Qc2 Bb4 46. Na2 Bf8 47. Qh2 Qg7
48. Be2 Qh6 49. Qxh6 1/2-1/2

[Event "BPB Limburg open B"]
[Site "Maastricht"]
[Date "2014.06.07"]
[Round "3"]
[White "Behr, Rene"]
[Black "Fortenbacher, Florian"]
[Result "1/2-1/2"]
[WhiteElo "1867"]
[BlackElo "1584"]
[PlyCount "47"]
[EventDate "2014.06.06"]
[EventType "swiss"]
[EventRounds "7"]
[EventCountry "NED"]
[Source "P.Boonen"]
[SourceDate "2014.10.10"]

1. c4 Nf6 2. g3 c6 3. Bg2 d5 4. Nf3 Nbd7 5. cxd5 Nxd5 6. d4 g6 7. Nc3 N7f6 8.
Bg5 Bg7 9. Qd2 Nxc3 10. bxc3 Ne4 11. Qe3 Nxg5 12. Qxg5 h6 13. Qd2 Be6 14. O-O
O-O 15. e4 Qa5 16. Rfd1 Rfd8 17. Qc2 Rac8 18. h3 Qh5 19. g4 Qa5 20. Rab1 b6 21.
c4 Qa6 22. Bf1 Qb7 23. Qa4 Qc7 24. Qb3 1/2-1/2

[Event "BPB Limburg open B"]
[Site "Maastricht"]
[Date "2014.06.07"]
[Round "3"]
[White "Bhattacharjee, Sourav"]
[Black "Kempen, Leon"]
[Result "1-0"]
[WhiteElo "1934"]
[BlackElo "1957"]
[PlyCount "53"]
[EventDate "2014.06.06"]
[EventType "swiss"]
[EventRounds "7"]
[EventCountry "NED"]
[Source "P.Boonen"]
[SourceDate "2014.10.10"]

1. e4 e6 2. d3 d5 3. Nd2 Nf6 4. Ngf3 c5 5. g3 Nc6 6. Bg2 Be7 7. O-O O-O 8. e5
Nd7 9. Re1 Qc7 10. Qe2 b6 11. Nf1 Ba6 12. h4 Nd4 13. Nxd4 cxd4 14. Bf4 Rfc8 15.
Bxd5 Rab8 16. Rac1 Nc5 17. Bg2 Na4 18. Nd2 Bb4 19. Ne4 Bb7 20. Nf6+ Kh8 21. Qh5
gxf6 22. exf6 Qd7 23. Re5 Rg8 24. Bh3 Rbe8 25. Qxh7+ Kxh7 26. Rh5+ Kg6 27. Rh6#
1-0

[Event "BPB Limburg open B"]
[Site "Maastricht"]
[Date "2014.06.07"]
[Round "3"]
[White "Bieberle, Gerhart"]
[Black "Hoelting, Siegfried"]
[Result "1-0"]
[WhiteElo "1923"]
[BlackElo "1938"]
[PlyCount "64"]
[EventDate "2014.06.06"]
[EventType "swiss"]
[EventRounds "7"]
[EventCountry "NED"]
[Source "P.Boonen"]
[SourceDate "2014.10.10"]

1. d4 d5 2. g3 c6 3. Bg2 Bf5 4. Nf3 h6 5. O-O e6 6. Nbd2 Bd6 7. c4 Nd7 8. b3
Ngf6 9. Bb2 O-O 10. h3 Re8 11. Ne5 Qc7 12. f4 c5 13. e3 Rac8 14. Kh2 b6 15. Rc1
Qd8 16. Rg1 cxd4 17. exd4 Bb4 18. a3 Bxd2 19. Qxd2 Ne4 20. Qe3 f6 21. Nxd7 Qxd7
22. b4 Nd6 23. cxd5 Nc4 24. dxe6 Bxe6 25. Qf2 b5 26. Rgd1 Bd5 27. Bxd5+ Qxd5
28. Re1 Rcd8 29. Rxe8+ Rxe8 30. Rd1 Re3 31. Bc1 Re8 32. Qg2 Qh5 {.....} 1-0

[Event "BPB Limburg open B"]
[Site "Maastricht"]
[Date "2014.06.07"]
[Round "3"]
[White "Bondarchuk, Vadim"]
[Black "Slijper, Thomas"]
[Result "1/2-1/2"]
[WhiteElo "2039"]
[BlackElo "1861"]
[PlyCount "90"]
[EventDate "2014.06.06"]
[EventType "swiss"]
[EventRounds "7"]
[EventCountry "NED"]
[Source "P.Boonen"]
[SourceDate "2014.10.10"]

1. e4 c6 2. f4 d5 3. e5 h5 4. Nf3 Bg4 5. d4 e6 6. Be2 c5 7. O-O Nh6 8. Be3 Nf5
9. Bf2 cxd4 10. Nxd4 Bxe2 11. Qxe2 Nxd4 12. Bxd4 Nc6 13. Bf2 Be7 14. Nd2 g6 15.
Nf3 O-O 16. c3 Kg7 17. h3 h4 18. Rfd1 b6 19. c4 d4 20. Nxd4 Nxd4 21. Bxd4 Qc7
22. b3 Rad8 23. Bf2 Rh8 24. Rac1 Bc5 25. Bxc5 Qxc5+ 26. Qf2 Qe7 27. Qb2 Qc5+
28. Qf2 Qe7 29. Kh2 Rxd1 30. Rxd1 Rd8 31. Qc2 Rxd1 32. Qxd1 Qa3 33. Qd2 Qc5 34.
a4 a5 35. Qe1 Qe7 36. Kg1 Qd8 37. Qe3 Qd1+ 38. Kf2 Qc2+ 39. Kg1 Qd1+ 40. Kh2
Qd8 41. Qf2 Kh7 42. Qf3 Qd2 43. Qg4 Qe1 44. Qf3 Qd2 45. Qe4 Qf2 1/2-1/2

[Event "BPB Limburg open B"]
[Site "Maastricht"]
[Date "2014.06.07"]
[Round "3"]
[White "Boom, Harrie"]
[Black "Ismail, Tamer"]
[Result "1/2-1/2"]
[WhiteElo "1765"]
[BlackElo "1873"]
[PlyCount "93"]
[EventDate "2014.06.06"]
[EventType "swiss"]
[EventRounds "7"]
[EventCountry "NED"]
[Source "P.Boonen"]
[SourceDate "2014.10.10"]

1. d4 d6 2. c4 e5 3. dxe5 dxe5 4. Qc2 Nf6 5. Nc3 Be6 6. e3 Nc6 7. a3 Qd7 8. Nf3
a5 9. Be2 Bc5 10. O-O O-O 11. Rd1 Qc8 12. Bd3 Bg4 13. Ne4 Nxe4 14. Bxe4 h6 15.
Rd5 Bxf3 16. Bxf3 Be7 17. b3 Bf6 18. Bb2 Ne7 19. Rd2 c6 20. Rad1 Rb8 21. b4
axb4 22. axb4 Ra8 23. Qe4 Re8 24. c5 Ra4 25. Qc4 g6 26. Qb3 Ra8 27. Ra1 Rxa1+
28. Bxa1 Bg7 29. Bb2 Qc7 30. Qd3 Nf5 31. Qd7 Re7 32. Qxc7 Rxc7 33. Bg4 Kf8 34.
Kf1 Ke7 35. Ke2 h5 36. Bf3 Nh4 37. g3 Nxf3 38. Kxf3 Rd7 39. Rxd7+ Kxd7 40. e4
Ke6 41. Ke3 f5 42. f3 f4+ 43. Ke2 fxg3 44. hxg3 Bh6 45. Bc3 Bc1 46. Be1 Kf6 47.
Kd3 1/2-1/2

[Event "BPB Limburg open B"]
[Site "Maastricht"]
[Date "2014.06.07"]
[Round "3"]
[White "Broekmeulen, Joris"]
[Black "Wlogalski, Olivier"]
[Result "1-0"]
[WhiteElo "2035"]
[BlackElo "1896"]
[PlyCount "97"]
[EventDate "2014.06.06"]
[EventType "swiss"]
[EventRounds "7"]
[EventCountry "NED"]
[Source "P.Boonen"]
[SourceDate "2014.10.10"]

1. c4 Nf6 2. Nc3 e6 3. g3 d5 4. Bg2 Be7 5. cxd5 exd5 6. d4 O-O 7. Nf3 c6 8. O-O
Re8 9. h3 Nbd7 10. Qc2 Nf8 11. a3 g6 12. e3 h5 13. b4 a6 14. Bd2 Bf5 15. Qb2
Bd6 16. a4 Qd7 17. Kh2 Bd3 18. Rfd1 Ne4 19. Be1 Bc4 20. Nxe4 dxe4 21. Ne5 Bxe5
22. dxe5 Qf5 23. Bc3 Bd3 24. Rxd3 exd3 25. f4 Rad8 26. Rd1 Qe6 27. Bd4 Nd7 28.
Qa3 f6 29. exf6 Nxf6 30. Rxd3 Ne4 31. Qb3 Qxb3 32. Rxb3 Kf7 33. b5 axb5 34.
axb5 c5 35. Be5 Rd2 36. Kg1 Nxg3 37. Bxb7 Re7 38. Bf3 Ra7 39. b6 Raa2 40. Rb1
Ne2+ 41. Bxe2 Rxe2 42. f5 Rxe3 43. b7 Rxe5 44. b8=Q Ree2 45. fxg6+ Kxg6 46.
Qd6+ Kg5 47. Qxc5+ Kf6 48. Rb6+ Kf7 49. Qc7+ 1-0

[Event "BPB Limburg open B"]
[Site "Maastricht"]
[Date "2014.06.07"]
[Round "3"]
[White "Coenen, Siegfried"]
[Black "Mestrom, Ton"]
[Result "1-0"]
[WhiteElo "1992"]
[BlackElo "1797"]
[PlyCount "99"]
[EventDate "2014.06.06"]
[EventType "swiss"]
[EventRounds "7"]
[EventCountry "NED"]
[Source "P.Boonen"]
[SourceDate "2014.10.10"]

1. e4 c5 2. Nc3 d6 3. f4 Nc6 4. Bb5 Bd7 5. Nf3 a6 6. Bxc6 bxc6 7. d3 g6 8. b3
Bg7 9. Bb2 Nh6 10. h3 f5 11. e5 Nf7 12. Qe2 e6 13. exd6 O-O 14. O-O Qb8 15. Ne5
Qxd6 16. Na4 Nxe5 17. Bxe5 Bxe5 18. Qxe5 Qd4+ 19. Kh2 Rab8 20. Nxc5 Qxe5 21.
fxe5 Rfd8 22. c3 a5 23. c4 Kf7 24. g4 Ke7 25. g5 h6 26. Rg1 h5 27. Raf1 Bc8 28.
Rf4 Rb4 29. a3 Rb6 30. Rg3 Ba6 31. Kg2 Rdb8 32. Rgf3 Bc8 33. d4 Ba6 34. Rc3 Bb7
35. Kf2 Bc8 36. Ke3 Ba6 37. h4 Bb7 38. Na4 Ra6 39. c5 Ra7 40. Rf2 Ba6 41. Nb6
Bb5 42. a4 Ba6 43. Rb2 Bf1 44. b4 Rf8 45. Kf2 Ba6 46. b5 Bb7 47. Nc4 Rd8 48.
Nd6 Rd7 49. bxc6 Bxc6 50. Nc8+ 1-0